| 000 | 00442nam a2200169 a 4500 | ||
|---|---|---|---|
| 001 | 0000-8530 | ||
| 003 | ELIB.Books | ||
| 008 | 110520 1980 | ||
| 035 | _a(ELIB.Books)0000-8675 | ||
| 082 |
_a225.6 _bThi |
||
| 100 | _aThiselton, Anthony C. | ||
| 245 | _aThe Two Horizons | ||
| 260 |
_bMichigan: Wm. B. Eerdmans Publishing Company _c1980 |
||
| 650 | _aNew Testament | ||
| 942 |
_2ddc _cBK |
||
| 998 |
_cbat _e2011-05-20 |
||
| 999 |
_c8530 _d8530 |
||